00372nam a2200181Ia 4500003000900000008004100009040001300050040001300063041000800076100002000084245003200104250000900136260000900145260000900154300001100163300001000174490000600184IT-RoPAU120407s9999 xx 000 0 und d aIT-RoPAU cIT-RoPAU aita aEnnio Innocenti aLa politica del Vaticano II aRoma aApes c1967 a254 p. c21 cm v1